000 00809nam a22002057a 4500
999 _c3335
_d3335
003 AR-CdUCM
008 190306b ||||| |||| 00| 0 spa d
040 _aMUNICIPALIDAD PROVINCIAL DEL CUSCO
_cBIBLIOTECA MUNICIPAL DEL CUSCO
082 _a323.951 /
_bR57
100 _aRiffaud, Mdeleine
_911066
245 _aCon las guerrillas del Vietcong /
260 _aMéxico :
_bGrijalbo,
_c1966.
300 _a270 páginas ;
_c20 cm.
505 _aContenido: El origen de esta aventura hay que buscarlo en la amistad -- Destino-guerra -- En clase a todo riesgo -- "Para proteger al pueblo contra el comunismo" -- Confidencias de inestimable valor ...
650 _aCrónica humana
_911067
650 _aFrente de liberación
_911068
650 _aBatalla de Bing Gia
_911069
942 _2ddc
_cLIBROS
945 _aafb